Titre de chansons françaises-Antonyme - Statistiques

Statistiques générales
  • Ce quiz a été pris 777 fois
  • Le résultat moyen est 10 sur 20
Statistiques - réponses
Hint Année Réponse % Correct
Les anges de midi 1987 Les démons de minuit
100%
Adam couche toi 1987 Ève lève-toi
88%
Les garçons de demain 2016 Les filles d'aujourd'hui
88%
Âgé et intelligent 1999 Jeune et con
77%
Avenue des femmes naines 1989 Place des grands hommes
71%
Avrel le Uber 1988 Joe le taxi
70%
Rien retenir 2018 Tout Oublier
53%
Il est d'ici 1980 Elle est d'ailleurs
49%
Au dessus de la brise 2001 Sous le vent
49%
Texto à Belgique 1978 Lettre à France
47%
Le goût du sans plomb 2021 L'odeur de l'essence
45%
San Francisco seul 1985 New York avec toi
40%
Tu as trouvé 2016 J'ai cherché
39%
Les grands hommes de la Concorde 1973 Les petites femmes de Pigalle
38%
À la minute où je me lève 2015 À l'heure où je me couche
36%
Ma mère était tellement de droite 2007 Mon père était tellement de gauche
26%
La haine est une vapoteuse 1981 L'amour c'est comme une cigarette
24%
Livre pour le Lorrain 1954 Chanson pour l'Auvergnat
22%
La mine de ton nez 1980 L'encre de tes yeux
13%
Les roturiers guerriers 1971 Les rois mages
2%
Aucun quiz correspondant
Distribution des résultats
% des personnes avec chaque résultat
Percentile par nombre de réponses
Votre historique - résultats
Vous n’avez pas pris ce quiz